Konštantín Filozof - mimoriadny filologický talent

Bibliographic Details
Main Author: Navrátil, Ladislav, 1947-2011 (Author)
Format: Article
Language:Slovak
Subjects:

MARC

LEADER 00000nab a2200000 a 4500
001 vtls001514412
003 SK-MaSNL
005 20260304223054.0
008 050227s1999 xo 000 0 slo
035 |a SPKCL16739 
040 |a SPKCL  |b slo  |c SNKBUCL  |d SPK(MH)  |e AACR2 
041 |a slo 
044 |a xo  |c SK 
080 |a 80Cyril  |2 1981 
100 1 |a Navrátil, Ladislav,  |d 1947-2011  |4 aut  |9 218439 
245 1 0 |a Konštantín Filozof - mimoriadny filologický talent  |c Ladislav Navrátil 
600 0 7 |a Cyril,  |c svätý,  |d 827-869  |2 SNKMA  |9 126082 
650 0 7 |a staroslovienčina  |2 SNKPH  |9 1344 
650 0 7 |a filológia  |2 SNKPH  |9 861 
650 0 7 |a písomný prejav  |2 SNKPH  |9 71539 
655 7 |a BZB  |2 snkbucl  |9 1080216 
773 1 |t Korene nášho duchovného bytia - život a dielo Konštantína Filozofa : Materiály z konferencie konanej 28.-29. októbra 1998 v Nitre,  |g Filozofická fakulta Univ. Konštantína Filozofa s. 102-108 
850 |a Slovenská pedagogická knižnica Bratislava 
852 |a SPKCL  |b KIS3GCP  |b 000710000  |n SK  |j 298472 
852 |a SPKCL  |b KIS3GCP  |b 000710000  |n SK 
999 |c 3166255  |d 3168185